• 首页
  • 本馆介绍
  • 公告通知
  • 最新文献
  • 馆藏检索
  • 电子资源
  • 读者导购
  • 参考咨询
  • 我的图书馆
  • 登录
  • 详细信息显示
  • 放入我的书架
  • 预约/预借图书
  • 作者相关作品
  • 分类相关作品
  • 丛书相关作品
  • 出版社相关作品

书目信息

  • 表格格式
  • 工作单格式
  • 卡片格式
题名:
服装设计理念
    
 
作者: 包昌法 , 须黎明 编著
分册:  
出版信息: 上海   上海科学技术文献出版社  2001.10
页数: 89页
开本: 大16开
丛书名:
单 册:
中图分类: TS941.2
科图分类:
主题词: 服装工业
电子资源:
ISBN: 7-5439-1816-1
000 00608nam0 2200205 45
001 0206171146
005 20020617111241.0
010    @a7-5439-1816-1@d15.80元
100    @a20020617d2001 km y0chiy0120 ea
101 0  @achi
105    @a z 000yy
200 1  @a服装设计理念@AFu Zhuang She Ji Li Nian@f包昌法,须黎明编著@FBao Chang Fa,Xu Li Ming Bian Zhu
210    @a上海@c上海科学技术文献出版社@d2001.10
215    @a89页@d大16开
606 0  @a服装工业
690    @aTS941.2@v3
701  0 @a包昌法@4编著
701  0 @a须黎明@4编著
801    @aCN@bPftUser@c20020617
905    @aBZT@b340794-795@dTS941.2@e1@f2
    
    服装设计理念/包昌法,须黎明编著.-上海:上海科学技术文献出版社,2001.10
    89页;大16开
    
    
    ISBN 7-5439-1816-1:15.80元
    
●
相关链接 在五车中查询图书 在当当中查询图书 在豆瓣中查询图书


正题名:服装设计理念     索取号:TS941.2/1         预约/预借

序号 登录号 条形码 馆藏地/架位号 状态 备注
1 340794   201170455   中心书库中库/ 中库024架B面4列7层34/ [索取号:TS941.2/1] 在馆    
2 340795   201170464   中心书库中库/ 中库025架B面5列7层9/ [索取号:TS941.2/1] 在馆    
山东省滨州职业学院图书馆 欢迎您!
大连网信软件有限公司© 版权所有